000 00821nam a22001815i 4500
001 156380
003 ES-MaACL
005 20260201063016.0
008 040728s1855 fr abe |||| | fre d
040 _aCAM
_bspa
_cCAM
100 1 _aJoanne, Adolphe,
_d1823-1881
_966678
245 1 0 _aItinéraire descriptif et historique de l'Allemagne
_b: l 'Allemagne du Sud avec une carte routière, dix cartes spéciales et sept plans de villes et de musées /
_cpar Adolphe Joanne.
260 _aParis :
_bL. Maison, libraire-éditeur,
_c1855 (
_fImprimé chez Bonaventure et Duccessois)
300 _aLIV, 756, 12 p., [1] h. de map. pleg., [1] h. maps., [7] h. plans. ;
_c18 cm.
651 4 _aAlemania-
_vGuías.
_9137019
852 _aES-MaACL
_jC-261
_z-- Enc. ed. en tela con hierros dorados
999 _c156380
_d156380